000
00291nam a22001217a 4500
082
_a
621.3 DAW'C
100
_a
DAWES, C. L
_9
77480
245
_a
A COURSE IN ELECTRICAL ENGINEERING DIRECT CURRENTS
250
_a
4TH
260
_a
NEWYORK
_b
MCGRAW HILL
_c
1952
300
_a
VOL-1
942
_c
BK
999
_c
582739
_d
582739